Lex and Yaec (Record no. 46)

MARC details
000 -LEADER
Fixed length control field 00435nam a2200193 4500
003 - CONTROL NUMBER IDENTIFIER
Control field SEACOMMC
005 - DATE AND TIME OF LATEST TRANSACTION
Control field 20231010055843.0
008 - FIXED-LENGTH DATA ELEMENTS--GENERAL INFORMATION
Fixed length control field 231010b |||||||| |||| 00| 0 eng d
020 ## - INTERNATIONAL STANDARD BOOK NUMBER / ISBN
Price 225.00
040 ## - CATALOGING SOURCE
Original cataloging agency SEACOMMC
082 ## - DEWEY DECIMAL CLASSIFICATION NUMBER
Classification number 005.582
Book Number LEX
100 ## - MAIN ENTRY--PERSONAL NAME
Personal name Levine, john R
245 ## - TITLE STATEMENT
Title Lex and Yaec
260 ## - IMPRINT
Place of publication Mumbai
Name of publisher Shroff
Date of publication 2000
600 ## - SUBJECT ADDED ENTRY--PERSONAL NAME
Personal name Masom ,Tony
650 ## - SUBJECT ADDED ENTRY--TOPICAL TERM
Topical term Computer Science
700 ## - ADDED ENTRY--PERSONAL NAME
Personal name Doug Brown
942 ## - ADDED ENTRY ELEMENTS (KOHA)
Koha item type Books
Holdings
Withdrawn status Lost status Source of classification Damaged status Not for loan Home library Current library Date acquired Total Checkouts Call number Accession number Date last seen Copy number Price effective from Koha item type
    Dewey Decimal Classification     SEACOM MANAGEMENT COLLEGE SEACOM MANAGEMENT COLLEGE 10/10/2023   005.582 LEX 88 10/10/2023 5 10/10/2023 Books
    Dewey Decimal Classification     SEACOM MANAGEMENT COLLEGE SEACOM MANAGEMENT COLLEGE 10/10/2023   005.582 LEX 89 10/10/2023 6 10/10/2023 Books
    Dewey Decimal Classification     SEACOM MANAGEMENT COLLEGE SEACOM MANAGEMENT COLLEGE 10/10/2023   005.582 LEX 90 10/10/2023 7 10/10/2023 Books
    Dewey Decimal Classification     SEACOM MANAGEMENT COLLEGE SEACOM MANAGEMENT COLLEGE 10/10/2023   005.582 LEX 91 10/10/2023 8 10/10/2023 Books
    Dewey Decimal Classification     SEACOM MANAGEMENT COLLEGE SEACOM MANAGEMENT COLLEGE 10/10/2023   005.582 LEX 92 10/10/2023 9 10/10/2023 Books
© Seacom Engineering College, All rights reserved.    Powered by Koha